| 000 | 00320nam a2200109Ia 4500 | ||
|---|---|---|---|
| 008 | 171212s9999 xx 000 0 und d | ||
| 020 | _a9781925021356 | ||
| 245 |
_ceditor Dayton, Leigh _aThe Curious Country |
||
| 260 |
_bANU E Press _c2013 |
||
| 650 | _aGeneral Science | ||
| 856 | _uhttp://www.jstor.org/stable/j.ctt5hgz0p | ||
| 999 |
_c351353 _d351353 |
||